000 01029nam a22003497a 4500
003 CHAP
005 20220817044438.0
008 110517s1986 mx r 00010 spa d
010 _a101209
011 _a102181
020 _a9682905222
035 _a112869
040 _cCHAP
082 0 4 _a352
_bV99
100 0 0 _aVázquez, Héctor.
_9120558
245 1 3 _aEl nuevo municipio mexicano
_c/por Héctor Vázquez
260 _aMéxico, D.F. :
_bSEP,
_c1986
300 _a203 p.
490 0 _aForo 2000
590 _aBATCH-UPD
_b10
_c20130110
_lUCH01
_h1702
590 _aBATCH-UPD
_b10
_c20130410
_lUCH01
_h1049
590 _aBATCH-UPD
_b10
_c20130914
_lUCH01
_h1140
590 _aCONVERSION
_b10
_c20130109
_lUCH01
_h1356
650 1 4 _aDemocracia.
_931740
650 1 4 _aMéxico
_xMunicipios.
_976781
650 1 4 _aReformas constitucionales.
650 1 4 _aSeguridad social.
_9103676
830 0 _aForo 2000
_942409
901 _aBK
942 _cLIBRO
949 _a352 V99
_bBC
_cLIBRO
_d33724002253413
_eLIBRO
_h114930
_i112869
_sb
999 _c101209
_d101209